comparison of different mulching on eggplant at royal university of agriculture (ការប្រៀបធៀបគំរបធម្មជាតិ់ និង ប្លាស្ទិចប្រភេទផ្សេងៗ ទៅលើដំណាំត្របវែងនៅសាកលវិទ្យាល័យភូមិន្ទកសិកម្ម) (Record no. 884)

000 -LEADER
fixed length control field 00724nam a22001577a 4500
003 - CONTROL NUMBER IDENTIFIER
control field OSt
005 - DATE AND TIME OF LATEST TRANSACTION
control field 20150920101753.0
008 - FIXED-LENGTH DATA ELEMENTS--GENERAL INFORMATION
fixed length control field 150920b xxu||||| |||| 00| 0 eng d
040 ## - CATALOGING SOURCE
Transcribing agency RUA
082 ## - DEWEY DECIMAL CLASSIFICATION NUMBER
Classification number AGR MAK 2008 B037 Or.1
100 ## - MAIN ENTRY--PERSONAL NAME
9 (RLIN) 917
Personal name MAK, CHANSOPHAL.
245 ## - TITLE STATEMENT
Title comparison of different mulching on eggplant at royal university of agriculture (ការប្រៀបធៀបគំរបធម្មជាតិ់ និង ប្លាស្ទិចប្រភេទផ្សេងៗ ទៅលើដំណាំត្របវែងនៅសាកលវិទ្យាល័យភូមិន្ទកសិកម្ម)
260 ## - PUBLICATION, DISTRIBUTION, ETC. (IMPRINT)
Place of publication, distribution, etc. Phnom Penh
Name of publisher, distributor, etc. RUA
Date of publication, distribution, etc. 2008
300 ## - PHYSICAL DESCRIPTION
Extent 57p.
Other physical details ill.
Dimensions 29cm.
942 ## - ADDED ENTRY ELEMENTS (KOHA)
Source of classification or shelving scheme
Koha item type AGR
Holdings
Price effective from Date last seen Permanent Location Not for loan Date acquired Source of classification or shelving scheme Koha item type Lost status Withdrawn status Total Renewals Date last checked out Total Checkouts Shelving location Damaged status Barcode Current Location Full call number
2015-09-202015-09-20Library Block B 2015-09-20 AGR     B037 RUA002570Library Block BAGR MAK 2008 B037 Or.1
2015-09-202018-10-24Library Block B 2015-09-20 AGR   2018-10-161B037 RUA002365Library Block BAGR MAK 2008 B037 Or.2
2015-09-202015-09-20Library Block B 2015-09-20 AGR     B037 RUA002712Library Block BAGR MAK 2008 B037 Or.3
2015-09-202020-01-15Library Block B 2015-09-20 AGR   2019-12-311B037 RUA002718Library Block BAGR MAK 2008 B037 Or.4
2015-09-202016-12-21Library Block B 2015-09-20 AGR  12016-10-261B037 RUA002792Library Block BAGR MAK 2008 B037 Or.5
2015-09-202015-09-20Library Block B 2015-09-20 AGR     B037 RUA008248Library Block BAGR MAK 2008 B037 Or.6
2015-09-202024-12-18Library Block B 2015-09-20 AGR   2024-12-022B037 RUA002786Library Block BAGR MAK 2008 B037 Or.7
2015-09-202015-09-20Library Block B 2015-09-20 AGR     B037 RUA002075Library Block BAGR MAK 2008 B037 Or.8
2015-09-202016-01-27Library Block B 2015-09-20 AGR   2016-01-061B037 RUA002377Library Block BAGR MAK 2008 B037 Or.9
2015-10-032024-12-18Library Block B 2015-10-03 AGR   2024-12-051B038 rua015817Library Block BAGR MAK 2008 B037 Or.10
2015-10-312019-08-16Library Block B 2015-10-31 AGR   2019-08-131B038 RUA030620Library Block BAGR MAK 2008 B037 Or.11
មជ្ឈមណ្ឌលឯការនៃសាកលវិទ្យាល័យភូមិន្ទកសិកម្មចំការដូង

Powered by Koha